000 00804nam a2200229 a 4500
001 000025566
005 20200930023900.0
008 110217s1971 ag r 000 0 spa d
040 _aDO-SdBNP
_bspa
_cBNPHU
041 1 7 _aspa
_heng
_2Código de idioma MARC
082 _aNNN
_bP451q
100 1 _aPerlman, Helen Harris
_952246
240 1 0 _aSo you want to be a social worker.
_lEspañol.
245 1 0 _aQué es un asistente social /
_cHelen Harris Perlman ; traducción directa del inglés, Juan Naya.
260 _aBuenos Aires :
_bHvmanitas,
_c[1971].
300 _a173, [2] p. ;
_c20 cm.
490 1 _aPromoción humana
_v5
534 _aTítulo original inglés:
_tSo you want to be a social worker.
700 1 _aNaya, Juan
_etr.
_952247
830 0 _aPromoción humana ;
_v5
_948617
049 _aBNGR
999 _c25058
_d25058